000 00917 a2200217 4500
020 _a0071092463
020 _a9780071092463
082 0 4 _a371
090 _c2639
_d2639
100 1 _aD.B.A., CPA Ray H. Garrison.
245 1 0 _aWorkbook/study guide for use with managerial accounting /
_cCPA Ray H. Garrison D.B.A.
250 _a9th ed.
260 _a[S.l.] :
_bIrwin McGraw-Hill,
_c1999.
300 _a264 p. ;
_c28 cm.
500 _aPaperback.
520 _aThis study aid provides suggestions for studying chapter material, summarizes essential points in each chapter, and tests students' knowledge using self-test questions and exercises.
700 1 _aPh.D., CMA Eric W. Noreen.
856 4 0 _3Amazon.com
_uhttp://www.amazon.com/exec/obidos/ASIN/0071092463/chopaconline-20
856 4 0 _3Amazon customer reviews
_uhttp://www.chopac.org/cgi-bin/tools/azrev.pl?q=0071092463
942 _aNBS
_cBK
_k658.1511 GAR
999 _c345132
_d345132